Online Catalogue and eLibrary

Myth (Record no. 849)

MARC details
000 -LEADER
fixed length control field 00360nam a2200157Ia 4500
005 - DATE AND TIME OF LATEST TRANSACTION
control field 20240724034905.0
008 - FIXED-LENGTH DATA ELEMENTS--GENERAL INFORMATION
fixed length control field 240331s9999 xx 000 0 und d
020 ## - INTERNATIONAL STANDARD BOOK NUMBER
ISBN 0415134943
082 ## - DDC Classification
Class No. 291.1
Item Number - Author Mark COU
100 ## - MAIN ENTRY--PERSONAL NAME
Personal name Coupe, L
245 #0 - TITLE STATEMENT
Title Myth
260 ## - PUBLICATION, DISTRIBUTION, ETC.
Place of publication, distribution, etc. London
Name of publisher, distributor, etc. Routledge
Date of publication, distribution, etc. 1997
300 ## - PHYSICAL DESCRIPTION
Extent (e.g. Volumes, Pages etc.) xi, 219 p .,
650 ## - SUBJECT ADDED ENTRY--TOPICAL TERM
Topical term or geographic name entry element The new critical idiom
942 ## - Koha item type (Biblio)
Koha item type Books in Stacks (Lending)
Holdings
Lost status Damaged status Collection code Home library Current library Shelving location Date acquired Full call number Accession Number Item type
    Lending WERC Library WERC Library Social Science Cupboard 03/31/2024 291.1 COU 2687 Books in Stacks (Lending)

© WERC Library